पंचतंत्र / (Record no. 117836)

MARC details
000 -LEADER
fixed length control field 01148nam a22002657a 4500
005 - DATE AND TIME OF LATEST TRANSACTION
control field 20170124103101.0
010 ## - LIBRARY OF CONGRESS CONTROL NUMBER
LC control number B-074117
020 ## - INTERNATIONAL STANDARD BOOK NUMBER
Terms of availability 250.00
035 ## - SYSTEM CONTROL NUMBER
System control number B-074117
037 ## - SOURCE OF ACQUISITION
Source of stock number/acquisition Cen Lib/Ret
040 ## - CATALOGING SOURCE
Original cataloging agency DPL
Language of cataloging HN
082 ## - DEWEY DECIMAL CLASSIFICATION NUMBER
Classification number
Item number शर्मावि
100 ## - MAIN ENTRY--PERSONAL NAME
Personal name शर्मा, विष्णु
9 (RLIN) 77068
245 ## - TITLE STATEMENT
Title पंचतंत्र /
Statement of responsibility, etc विष्णु शर्मा ; संपादन प्रकाश सोनी
246 ## - VARYING FORM OF TITLE
Title proper/short title Panchtantr /
Remainder of title by Vishnu Sharma ; sampadan Ved Prakash Soni
260 ## - PUBLICATION, DISTRIBUTION, ETC. (IMPRINT)
Place of publication, distribution, etc दिल्ली
Name of publisher, distributor, etc सुरेन्द्रकुमार एंड संस
Date of publication, distribution, etc 2002
270 ## - ADDRESS
Address 30/२१ए-22, गली न. ९, विश्वास नगर, शाहदरा
City दिल्ली
Postal code 110032
300 ## - PHYSICAL DESCRIPTION
Extent 192पृ.
Dimensions 19सेमी(सजिल्द)
650 ## - SUBJECT ADDED ENTRY--TOPICAL TERM
Topical term or geographic name as entry element साहित्य--कथा
9 (RLIN) 42948
650 ## - SUBJECT ADDED ENTRY--TOPICAL TERM
Topical term or geographic name as entry element हिंदी--कहानी
9 (RLIN) 77069
650 ## - SUBJECT ADDED ENTRY--TOPICAL TERM
Topical term or geographic name as entry element Literature--Fiction
9 (RLIN) 77070
650 ## - SUBJECT ADDED ENTRY--TOPICAL TERM
Topical term or geographic name as entry element Hindi--stories
9 (RLIN) 77071
700 ## - ADDED ENTRY--PERSONAL NAME
Personal name वेद प्रकाश सोनी
9 (RLIN) 53381
942 ## - ADDED ENTRY ELEMENTS (KOHA)
Source of classification or shelving scheme Dewey Decimal Classification
Koha item type Hindi Books
Classification part
Call number suffix शर्मावि
Holdings
Withdrawn status Lost status Damaged status Not for loan Home library Current library Date acquired Source of acquisition Cost, normal purchase price Total Checkouts Full call number Barcode Date last seen Date checked out Copy number Cost, replacement price Price effective from Koha item type
        Central Library Central Library 08/09/2015 Cen Lib/Ref 250.00 1 क शर्मावि B-074117 09/07/2018 03/07/2018 1 250.00 08/09/2015 Hindi Books

© Delhi Public Library
Hit Counter
free hit counter